The president's murderer

Gorde:
Xehetasun bibliografikoak
Egile nagusia: Bassett, Jennifer
Formatua: Liburua
Hizkuntza:Undetermined
Argitaratua: Oxford Oxford Univ. Press 2000
Gaiak:
Etiketak: Etiketa erantsi
Etiketarik gabe, Izan zaitez lehena erregistro honi etiketa jartzen!
Thư viện lưu trữ: Trung tâm Học liệu Trường Đại học Cần Thơ
LEADER 00528nam a2200205Ia 4500
001 CTU_65240
008 210402s9999 xx 000 0 und d
020 |b 28000 
082 |a 823.9 
082 |b B319 
100 |a Bassett, Jennifer 
245 4 |a The president's murderer 
245 0 |c Jennifer Bassett 
260 |a Oxford 
260 |b Oxford Univ. Press 
260 |c 2000 
650 |a English literature 
650 |y 20th century 
904 |i Minh, Qhieu 
980 |a Trung tâm Học liệu Trường Đại học Cần Thơ